Electrical engineering science (Record no. 3432)
[ view plain ]
| 000 -LEADER | |
|---|---|
| fixed length control field | 00881nac a22002411u 4500 |
| 010 ## - LIBRARY OF CONGRESS CONTROL NUMBER | |
| LC control number | 59015457 |
| 035 ## - SYSTEM CONTROL NUMBER | |
| System control number | (OCoLC)1543170 |
| 082 ## - DEWEY DECIMAL CLASSIFICATION NUMBER | |
| Classification number | 621.3 |
| Item number | C5912 |
| 090 ## - LOCALLY ASSIGNED LC-TYPE CALL NUMBER (OCLC); LOCAL CALL NUMBER (OCLC) | |
| -- | 3432 |
| -- | 3432 |
| 100 ## - MAIN ENTRY--PERSONAL NAME | |
| Personal name | Clement, Preston R. |
| 245 10 - TITLE STATEMENT | |
| Title | Electrical engineering science |
| Statement of responsibility, etc | [by] Preston R. Clement [and] Walter C. Johnson. |
| 260 ## - PUBLICATION, DISTRIBUTION, ETC. (IMPRINT) | |
| Place of publication, distribution, etc | New York, |
| Name of publisher, distributor, etc | McGraw-Hill, |
| Date of publication, distribution, etc | 1960. |
| 300 ## - PHYSICAL DESCRIPTION | |
| Extent | 588 p. |
| Other physical details | illus. |
| Dimensions | 24 cm. |
| 440 #0 - | |
| -- | McGraw-Hill electrical and electronic engineering series |
| 500 ## - GENERAL NOTE | |
| General note | Princeton University series. |
| 500 ## - GENERAL NOTE | |
| General note | Donations. |
| 500 ## - GENERAL NOTE | |
| General note | Donations - Bibliotheca Alexandrina. |
| 504 ## - BIBLIOGRAPHY, ETC. NOTE | |
| Bibliography, etc | Including Index. |
| 650 #0 - SUBJECT ADDED ENTRY--TOPICAL TERM | |
| Topical term or geographic name as entry element | Electric engineering. |
| 700 1# - ADDED ENTRY--PERSONAL NAME | |
| Personal name | Johnson, Walter Curtis, |
| Dates associated with a name | 1913- |
| 942 ## - ADDED ENTRY ELEMENTS (KOHA) | |
| Item type | Book - Borrowing |
| Call number prefix | 621.3C5912 |
| Withdrawn status | Item status | Source of classification or shelving scheme | Damaged status | Not for loan | Home library | Current library | Shelving location | Date acquired | Source of acquisition | Total Checkouts | Full call number | Barcode | Date last seen | Koha item type |
|---|---|---|---|---|---|---|---|---|---|---|---|---|---|---|
| Dewey Decimal Classification | Central Library | Central Library | First floor | 07/04/2011 | Purchase | 621.3 CLE | 000030356 | 15/07/2025 | Book - Borrowing |